zpět

Detail výsledku týmu

Restaurace Neptun, Liberec

Datum a čas kvízu

39.5 Celkem bodů Celkový počet nahraných bodů na tomto kvízu bez doplňovacích otázek.
1. Pořadí na kvízu Konečné umístění týmu na tomto kvízu.

Zaznamenané odpovědi

# Otázka Odpověď Body Výsledky
1. V pondělí odhalil český prezid... C) ze skla 1
2. Který bývalý evropský preziden... Nicolas Sarkozy 1
3. Menší studio Voodoo Kollektiv... Jiří Kára 1
4. Ve které evropské zemi nově po... v Itálii 0
5. Jak se jmenuje nový držitel pr... Ousmane Dembélé 1
6. Gesto, které vidíme na obrázku... 1A 2C 3D 4B 0
7. Gesto na obrázku znamená v mno... o stoletou válku 1
8. Sheldon Cooper v Teorii velkéh... Spocka a tapíra (ještěra) 1
9. Která dvě písmena české dvouru... B, N 1
10. Na výřezu z obrazu francouzské... paroháč (že je mu žena nevěrná) 0